| 000 | 00768nam a22002177a 4500 | ||
|---|---|---|---|
| 999 |
_c20542 _d20542 |
||
| 003 | AR-CdUCM | ||
| 008 | 190531b ||||| |||| 00| 0 sspa d | ||
| 040 |
_aMUNICIPALIDAD PROVINCIAL DEL CUSCO _cBIBLIOTECA MUNICIPAL DEL CUSCO |
||
| 082 |
_a729 / _bB83 |
||
| 100 |
_aBrian _942945 |
||
| 245 | _aComplementos de la decoración / | ||
| 260 |
_aBarcelona : _bL.E.D.A, |
||
| 300 |
_a94 páginas ; _bFotos, dibujos _c25 cm. |
||
| 440 |
_aEl arte de embellecer la casa _nSerie como aprender _942946 |
||
| 505 | _aContenido : La pintura -- Empapelado -- Confección de cortinas -- Confección de alfombras -- Tapicería... | ||
| 650 |
_aManualidades _915530 |
||
| 650 |
_aHogar _91186 |
||
| 650 |
_aDecoraciones en general _942947 |
||
| 942 |
_2ddc _cLIBROS |
||
| 945 | _arcc | ||